000 00276nam a22001097a 4500
008 230621b xxu||||| |||| 00| 0 eng d
082 _a327.5406
_bCHA
245 _aTwo Billion Dreams
_bCelebrating India-Africa Friendship
260 _aNairobi
300 _a200
942 _2ddc
_cBK
999 _c2104
_d2104